Ces footballeurs ont-ils joué ensemble ? (difficile) - Statistiques

Statistiques générales
  • Ce quiz a été pris 105 fois
  • Le résultat moyen est 7 sur 12
Statistiques - réponses
Question Réponse % Correct
Raheem Sterling - Bukayo Saka Oui
80%
Andres Iniesta - Pedri Non
79%
Thiago Silva - Jean-Christophe Bahebeck Oui
75%
Yoann Gourcuff - Houssem Aouar Non
64%
Zlatan Ibrahimović - Anthony Elanga Oui
63%
Thierry Henry - Alex Oxlade Chamberlain Oui
60%
Valentin Rongier - Adil Rami Non
51%
Dominik Szoboszlai - Erling Haaland Oui
51%
Mohamed Salah - Josep Ilicic Oui
46%
Eden Hazard - Dimitri Payet Oui
44%
Aubameyang - Samuel Umtiti Non
43%
João Félix - Sergio Busquets Non
34%
Aucun quiz correspondant
Distribution des résultats
% des personnes avec chaque résultat
Percentile par nombre de réponses
Votre historique - résultats
Vous n’avez pas pris ce quiz